000 00927nam a22002537a 4500
005 20240530110917.0
008 220221s2007 ua c g b 000 0 ara d
017 _bمصر. دار الكتب
_a2005/20970
020 _a9774080572
040 _aEG-CaGPL
_cEG-CaGPL
082 0 4 _221
_a332.7 /
_bك ب
100 1 _aكويل ، برايان
245 1 0 _aتحديد مخاطر الائتمان /
_cكويل ، برايان ، اعداد قسم الترجمة دار الفاروق
250 _aط.2
260 _aالقاهرة :
_bدار الفاروق للاستثمارات الثقافية،
_c2007
300 _a128 ص؛
_c24 سم
650 0 7 _aالائتمان
_2qrmak
650 0 7 _aالائتمان المصرفى
650 0 7 _aالبنوك
_2qrmak
651 _2qrmak
710 0 _aقسم الترجمة بدار الفاروق
_eمعد
942 _2ddc
_cBK
999 _c66410
_d66410